000
00311nam a22001337a 4500
008
170920b xxu||||| |||| 00| 0 eng d
020
_a
9780205642724
041
_a
eng
080
_2
9 ED
_a
7
100
_a
45
101
_a
ART
245
_a
ARTB JERVIS INTERNATIONAL POLITICS
_c
JERVIS.R
942
_2
udc
_c
BK
999
_c
28477
_d
28477